World Religion's Major Denominations - Statistics

General Stats
  • This quiz has been taken 224 times
  • The average score is 9 of 20
Answer Stats
World Religion Answer Hint % Correct
Sunni Islam's largest branch
96%
Eastern Orthodox Leader is the Patriarch of Constantinople
95%
Shi'a Majority branch of Islam in Iran
95%
Modern Orthodox Denomination represented by the Chief Rabbinate of Israel
94%
Christianity Catholicism Contains Western and Eastern Churches, both led by Bishop of Rome
90%
Protestantism Started with Martin Luther's 95 Theses
86%
Reform Judaism's most "liberal" denomination
51%
Theravada Oldest denomination; most common in Southeast Asia
41%
Judaism Conservative Neither the most liberal nor traditionalist denomination
40%
Church of the East Also called Nestorian Christianity; 1st denomination to split off doctrinally
37%
Buddhism Mahayana Buddhism of China and Japan
37%
Ultra-Orthodox Most visible members are the the pious, self-isolating "Hasidim."
37%
Oriental Orthodox Largest group is Egypt's Coptic Church
36%
Hinduism Shaivism Shiva is the primary deity.
28%
Vajrayana Tibetan Buddhism (sometimes considered a 2nd-order denomination)
21%
Vaishnavism Vishnu (in 1+ forms) is the primary deity.
17%
Karaite Only branch to reject "Oral Torah" tradition of Jewish law
10%
Shaktism Some aspect of the Mother Goddess is the primary deity.
8%
Islam Kharijite Primary branch in Oman
7%
Smartism Synthesis of traditions, allowing worship of any form of the divine (with a core 5 being primary)
7%
No matching quizzes found
Score Distribution
Percent of People with Each Score
Percentile by Number Answered
Your Score History
You have not taken this quiz